| 000 | 01356nam a2200325Ia 4500 | ||
|---|---|---|---|
| 001 | ebr10364800 | ||
| 003 | CaPaEBR | ||
| 006 | m u | ||
| 007 | cr cn||||||||| | ||
| 008 | 100902s2009 dcua sb i000 0 eng d | ||
| 040 |
_aCaPaEBR _cCaPaEBR |
||
| 035 | _a(OCoLC)671571347 | ||
| 050 | 1 | 4 |
_aHB3722 _b.S94 2009eb |
| 100 | 1 |
_aSyed, Murtaza, _d1975- |
|
| 245 | 1 | 0 |
_aLost decade in translation _h[electronic resource] : _bwhat Japan's crisis could portend about recovery from the great recession / _cMurtaza Syed, Kenneth Kang, Kiichi Tokuoka. |
| 260 |
_a[Washington, D.C.] : _bInternational Monetary Fund, _c2009. |
||
| 300 |
_a40 p. : _bill. |
||
| 490 | 1 |
_aIMF working paper ; _vWP/09/282 |
|
| 504 | _aIncludes bibliographical references. | ||
| 533 |
_aElectronic reproduction. _bPalo Alto, Calif. : _cebrary, _d2011. _nAvailable via World Wide Web. _nAccess may be limited to ebrary affiliated libraries. |
||
| 650 | 0 |
_aFinancial crises _zJapan. |
|
| 651 | 0 |
_aJapan _xEconomic policy. |
|
| 655 | 7 |
_aElectronic books. _2local |
|
| 700 | 1 | _aKang, Kenneth. | |
| 700 | 1 | _aTokuoka, Kiichi. | |
| 710 | 2 | _aInternational Monetary Fund. | |
| 710 | 2 | _aebrary, Inc. | |
| 830 | 0 |
_aIMF working paper ; _vWP/09/282. |
|
| 856 | 4 | 0 |
_uhttp://site.ebrary.com/lib/rucke/Doc?id=10364800 _zAn electronic book accessible through the World Wide Web; click to view |
| 999 |
_c215539 _d215539 |
||